| 000 | 00602nam a2200193 i 4500 | ||
|---|---|---|---|
| 001 | 31395 | ||
| 003 | ES-MaACL | ||
| 005 | 20230906154354.0 | ||
| 007 | t| | ||
| 008 | 030129s1913 fr ||||1| fre d | ||
| 100 | 1 |
_aBauer, Arthur. _926541 |
|
| 245 | 1 | 3 |
_aLa culture morale aux divers degrés de l'enseignement public / _cArthur Bauer. |
| 260 |
_aParís : _bM. Giard, _c1913. |
||
| 300 |
_a261 p. ; _c23 cm. |
||
| 490 | 1 |
_aBibliothèque sociologique internationale ; _v4 |
|
| 830 | 0 |
_aBibliothèque sociologique internationale ; _v4 _9184184 |
|
| 852 |
_aES-MaACL _jC-1953 |
||
| 999 |
_c31395 _d31395 |
||